<?xml version="1.0" encoding="UTF-8"?>
<marc:record xmlns:marc="http://www.loc.gov/MARC21/slim">
   <marc:leader>00000nam a2200000 a 4500</marc:leader>
   <marc:datafield ind1="1" ind2=" " tag="100">
      <marc:subfield code="a">Funke, Cornelia</marc:subfield>
      <marc:subfield code="4">ctb</marc:subfield>
      <marc:subfield code="e">Mitwirkende/-r</marc:subfield>
   </marc:datafield>
   <marc:datafield ind1="1" ind2=" " tag="100">
      <marc:subfield code="a">Mannhardt, Zoe͏̈ Charlotte</marc:subfield>
      <marc:subfield code="4">ctb</marc:subfield>
      <marc:subfield code="e">Mitwirkende/-r</marc:subfield>
   </marc:datafield>
   <marc:datafield ind1="1" ind2=" " tag="100">
      <marc:subfield code="a">Thalbach, Katharina</marc:subfield>
      <marc:subfield code="4">ctb</marc:subfield>
      <marc:subfield code="e">Mitwirkende/-r</marc:subfield>
   </marc:datafield>
   <marc:datafield ind1="1" ind2=" " tag="100">
      <marc:subfield code="a">Marmon, Uticha</marc:subfield>
      <marc:subfield code="4">ctb</marc:subfield>
      <marc:subfield code="e">Mitwirkende/-r</marc:subfield>
   </marc:datafield>
   <marc:datafield ind1=" " ind2=" " tag="653">
      <marc:subfield code="a">CD</marc:subfield>
   </marc:datafield>
   <marc:datafield ind1="0" ind2="0" tag="245">
      <marc:subfield code="a">Hände weg von Mississippi</marc:subfield>
   </marc:datafield>
   <marc:datafield ind1="0" ind2="0" tag="245">
      <marc:subfield code="b">das Original-Hörspiel zum Kinofilm ; ab 8 Jahren</marc:subfield>
   </marc:datafield>
   <marc:datafield ind1="0" ind2="0" tag="245">
      <marc:subfield code="c">nach dem Buch von Cornelia Funke. Nach dem Film von Detlev Buck. Erzählerin: Zoe͏̈ Charlotte Mannhardt in der Rolle von Emma ; Dolores Blumentritt: Katharina Thalbach ; Emma Blumentritt: Zoe͏̈ Charlotte Mannhardt .... Hörspielbearb.: Uticha Marmon ... Reg</marc:subfield>
   </marc:datafield>
   <marc:datafield ind1=" " ind2="1" tag="264">
      <marc:subfield code="a">Hamburg</marc:subfield>
      <marc:subfield code="b">Oetinger</marc:subfield>
      <marc:subfield code="c">2007</marc:subfield>
   </marc:datafield>
   <marc:datafield ind1="1" ind2=" " tag="490">
      <marc:subfield code="a">Oetinger audio</marc:subfield>
   </marc:datafield>
   <marc:datafield ind1="1" ind2=" " tag="520">
      <marc:subfield code="a">Angaben aus der Verlagsmeldung

Hände weg von Mississippi! - Das offizielle Hörspiel zum Kinofilm (2 CD) / von Cornelia Funke

Das Hörbuch zum Film: Cornelia Funkes Kinderbucherfolg als Kinofilm für Pferde- und Abenteuerkinder Schöner können Ferien nicht sein! Emma fährt zu ihrer Großmutter, die auf dem Land mit Hunden, Ziegen, Katzen und Hühnern lebt - und ihr ein eigenes Pferd schenkt, die Stute Mississippi. Aber an diesem Pferd haben auch noch andere Interesse - und plötzlich steckt Emma mitten in einem aufregenden Abenteuer! Cornelia Funkes Erfolgsroman wird von Starregisseuer Detlev Buck verfilmt, die Haupt- und Nebenrollen sind u.a. mit Katharina Thalbach, Christoph Maria Herbst, Milan Peschel und Fritzi Haberland besetzt. Das Originalhörspiel zum Kinofilm von Detlev Buck.
</marc:subfield>
   </marc:datafield>
   <marc:datafield ind1=" " ind2=" " tag="020">
      <marc:subfield code="a">9783837303452</marc:subfield>
      <marc:subfield code="9">9783837303452</marc:subfield>
   </marc:datafield>
   <marc:datafield ind1=" " ind2=" " tag="020">
      <marc:subfield code="a">3837303454</marc:subfield>
      <marc:subfield code="9">3837303454</marc:subfield>
   </marc:datafield>
   <marc:datafield ind1=" " ind2=" " tag="041">
      <marc:subfield code="a">ger</marc:subfield>
   </marc:datafield>
   <marc:datafield ind1=" " ind2=" " tag="300">
      <marc:subfield code="a">2 CDs</marc:subfield>
   </marc:datafield>
</marc:record>
